Caricamento...

World war two and Asias struggle for independence

Dettagli Bibliografici
Autore principale: Yefimov D
Natura: Printed Book
Pubblicazione: Delhi: Sterling publishers.
Soggetti:
LEADER 00460nam a22001214a 4500
082 |a 909.824 
100 |a Yefimov D , 
260 |a Delhi:  |b Sterling publishers. 
650 |a World war two and Asias struggle for independence 
245 |a World war two and Asias struggle for independence  |c by D Yefimov 
942 |c BK 
999 |c 247699  |d 247699 
952 |0 0  |1 0  |4 0  |6 909_824000000000000_YEF  |7 0  |8 G  |9 263052  |a HIS  |b HIS  |d 2020-01-04  |l 0  |o 909.824 YEF  |p HIS6889  |r 2020-01-04  |t 1  |w 2020-01-04  |y BK